Tabellenletzter der Bundesliga (Männer) - Statistiken

Allgemein
  • Dieses Quiz wurde 445 mal gespielt
    170 seit der letzten Aktualisierung
  • Das Durchschnittsergebnis liegt bei 40 aus 56
Antwortstatistiken
Anzahl Letztes Mal Verein % Korrekt
126 22/23, 27. FC Schalke 04
95%
39 17/18, 28. Hamburger SV
94%
100 23/24, 12. 1. FC Köln
93%
79 18/19, 34. 1. FC Nürnberg
93%
26 14/15, 19. Borussia Dortmund
93%
103 22/23, 34. Hertha BSC
92%
42 22/23, 26. VfB Stuttgart
92%
83 24/25, 34. VfL Bochum
92%
27 23/24, 2. Werder Bremen
89%
1 74/75, 1. FC Bayern München
88%
39 24/25, 1. Eintracht Frankfurt
87%
40 24/25, 2. FC St. Pauli
87%
109 18/19, 32. Hannover 96
87%
12 24/25, 30. Holstein Kiel
86%
37 11/12, 34. 1. FC Kaiserslautern
85%
75 19/20, 19. Fortuna Düsseldorf
84%
54 21/22, 34. SpVgg Greuther Fürth
84%
17 22/23, 2. Bayer 04 Leverkusen
83%
45 14/15, 17. SC Freiburg
83%
6 15/16, 17. TSG 1899 Hoffenheim
81%
60 08/09, 34. Arminia Bielefeld
80%
20 21/22, 1 FC Augsburg
80%
7 17/18, 1. VfL Wolfsburg
80%
20 23/24, 9. 1. FSV Mainz 05
79%
70 23/24, 34. SV Darmstadt 98
79%
84 15/16, 5. Borussia Mönchengladbach
78%
24 94/95, 34. Dynamo Dresden
78%
77 13/14, 34. Eintracht Braunschweig
78%
2 24/25, 25. 1. FC Heidenheim
77%
30 19/20, 34. SC Paderborn 07
77%
50 01/02, 3. TSV 1860 München
75%
25 07/08, 33. Hansa Rostock
74%
85 08/09, 33. Karlsruher SC
74%
17 06/07, 1. Alemannia Aachen
73%
46 08/09, 14. Energie Cottbus
70%
2 16/17, 13. FC Ingolstadt 04
70%
81 07/08, 34. MSV Duisburg
70%
31 92/93, 34. 1. FC Saarbrücken
68%
25 76/77, 34. Rot-Weiss Essen
67%
29 65/66, 34. Tasmania Berlin
65%
3 23/24, 13. 1. FC Union Berlin
63%
30 83/84, 24. Kickers Offenbach
58%
6 88/89, 19. Waldhof Mannheim
57%
39 72/73, 34. Rot-Weiß Oberhausen
55%
54 95/96, 34. KFC Uerdingen
54%
6 00/01, 11. SpVgg Unterhaching
53%
21 76/77, 33. Tennis Borussia Berlin
50%
29 89/90, 34. FC 08 Homburg
48%
22 74/75, 34. Wuppertaler SV
48%
1 18/19, 1. RB Leipzig
47%
9 88/89, 23. Stuttgarter Kickers
45%
17 93/94, 34. VfB Leipzig
44%
4 91/92, 21. SG Wattenscheid 09
41%
17 86/87, 34. Blau-Weiß 90 Berlin
39%
6 67/68, 17. Borussia Neunkirchen
37%
9 73/74, 28. Fortuna Köln
34%
Keine übereinstimmenden Quizze gefunden
Verteilung der Resultate
Anzahl Personen mit jedem Resultat
Perzentil nach korrekt beantworteten Fragen
Ihre Resultats-Entwicklung
Sie haben dieses Quiz seit der letzten Aktualisierung nicht gespielt